| 000 | 01549 a2200337 4500 | ||
|---|---|---|---|
| 999 |
_c8365 _d8365 |
||
| 020 | _a9780387928487 (alk. paper) | ||
| 020 | _a0387928480 (alk. paper) | ||
| 020 | _a9780387928487 | ||
| 050 | 0 | 0 | _aRC735 DIF 2013 |
| 100 |
_aGlick B. David _eeditor |
||
| 245 | 1 | 4 |
_aThe difficult airway : _ban atlas of tools and techniques for clinical management / _cDavid B. Glick, MD, MBA, Richard M. Cooper, B. Sc, M. Sc, MD, FRCPC, Andranik Ovassapian, MD, editors. |
| 264 | 1 |
_aNew York : _bSpringer, _c2013 |
|
| 264 | 4 | _c♭2013 | |
| 300 |
_axviii, 295 pages : _billustrations ; |
||
| 500 | _aIncludes bibliographical references and index. | ||
| 504 | _aIncludes bibliographical references and index. | ||
| 650 | 0 | _aAirway (Medicine) | |
| 650 | 0 |
_aTrachea _xIntubation. |
|
| 650 | 1 | 2 |
_aAirway Management _xmethods. |
| 650 | 2 | 2 |
_aAirway Obstruction _xtherapy. |
| 650 | 2 | 2 |
_aClinical Medicine _xmethods. |
| 650 | 2 | 2 |
_aRespiratory Therapy _xmethods. |
| 700 | 1 |
_aGlick, David B., _eeditor of compilation. |
|
| 700 | 1 |
_aCooper, Richard M. _c(Anesthesiologist), _eeditor of compilation. |
|
| 700 | 1 |
_aOvassapian, Andranik, _d1936-2010, _eeditor of compilation. |
|
| 856 | 4 | 2 |
_3Publisher description _uhttp://www.loc.gov/catdir/enhancements/fy1313/2012951846-d.html |
| 856 | 4 | 1 |
_3Table of contents only _uhttp://www.loc.gov/catdir/enhancements/fy1313/2012951846-t.html |
| 942 |
_2lcc _cBK _h735 _iDIF _kRC |
||